000 00984nam a22003137a 4500
003 CHAP
005 20220329143848.0
008 120307s1987 mx a r 00010 spa d
010 _a102916
011 _a103888
035 _a114577
040 _cCHAP
090 _aFolleto 18136
100 0 0 _aGaribay, Francoise H. de.
_946897
245 1 0 _aMétodo y procedimientos para sistematizar experiencias de capacitación
_c/por Francoise H. de Garibay
260 _aMéxico :
_bProder,
_c1987
300 _a33 h. :
_bilus.
490 0 _aDocumento
_v; 2
590 _aBATCH-UPD
_b10
_c20130110
_lUCH01
_h1940
590 _aBATCH-UPD
_b10
_c20130410
_lUCH01
_h1253
590 _aBATCH-UPD
_b10
_c20130914
_lUCH01
_h0830
590 _aCONVERSION
_b10
_c20130109
_lUCH01
_h1357
650 1 4 _aCampesinado.
_917993
650 1 4 _aCapacitación.
_918690
830 0 _aDocumento
_v; 2
_933191
901 _aBK
942 _cFOLL
949 _aFolleto 18136
_bBC
_cFOLL
_d33724002100538
_eTS1
_i114577
_sb
999 _c102916
_d102916